000 00829nam a2200217 i 4500
001 45851
003 ES-MaACL
005 20250910063059.0
007 t|
008 030327s1950 sp ||||1| spa d
100 1 _aCola Alberich, Julio,
_d1918-1992
_939541
245 1 0 _aEscenas y costumbres marroquíes /
_cJulio Cola Alberich.
260 _aMadrid :
_bInstituto de Estudios Africanos :
_bConsejo Superior de Investigaciones Científicas,
_c1950 (
_fJ. Pueyo)
300 _a223 p. ;
_c21 cm.
650 4 _aAntropología cultural y social-
_zMarruecos.
_99880
651 4 _aMarruecos-
_zUsos y costumbres.
_9161557
710 2 _aInstituto de Estudios Africanos.
_94881
710 2 _aConsejo Superior de Investigaciones Científicas (España)
_93236
852 _aES-MaACL
_jD-7689
_bR.30662
999 _c45851
_d45851